00255nam a2200109Ia 4500008004100000041001200041082001100053100001500064245005400079260000600133650000600139221030s9999 xx 000 0 und d aEnglish a105.23 aH. K. Dass 0aAdvanced Engineering Mathematicsscby H. K. Dass c0 aB